L'antiquité (Registo nº 202781)

Detalhes MARC
000 -Etiqueta do registo
Valores 00622nam 22002053 4500
100 ## - Dados gerais de processamento
Dados gerais 20260629d u||y0pory50 ba
200 ## - Titulo e menção de responsabilidade
Título próprio L'antiquité
Informação de outro título classe de sixième
Primeira menção de responsabilidade Jules Isaac, Henri Béjean
210 ## - Publicação
Local de publicação [S.l.]
Nome do editor Classiques Hachette
Data de publicação 1939
215 ## - Descrição física 
Paginação / Volumes 298 p.
Outras indicações físicas il. ; encadernado
Dimensões 20 cm
225 ## - Colecção 
Título próprio da colecção Cours d'histoire Malet-Isaac
606 ## - Nome comum usado como assunto
ID Autoridade 5059
Palavra de ordem História Antiga
675 ## - CDU
Notação 930
Edição PT
Língua por
675 ## - CDU
Notação 94
Edição PT
Língua por
700 ## - Autor principal (pessoa individual)
ID Autoridade 17654
Apelido Isaac
Nome Jules
Datas 1877-1963
701 ## - Co-autor principal (pessoa individual)
ID Autoridade 17655
Apelido Béjean
Nome Henri
801 ## - Fonte de origem
País PT
Agência BMMN
Regras de catalogação RPC
830 ## - Notas gerais do catalogador
Criado por Ana Falardo
Indexado por Ana Falardo
990 ## - Elementos KOHA
Tipo de documento Livro
Exemplares
Situação do levantamento Biblioteca de origem Código de barras Cota Permissão de empréstimo Tipo de documento Nota relativa ao exemplar Forma de aquisição
  Biblioteca Municipal de Montemor-o-Novo 32298 94 ISA|SAF   Livro Acesso Condicionado Oferta

Powered by Koha